[Event "10th Mikhail Chigorin Memorial"]
[Site "Sochi URS"]
[Date "1974.??.??"]
[Round "4"]
[White "Sznapik, Aleksander"]
[Black "Forintos, Gyozo"]
[WhiteElo "2325"]
[BlackElo "2490"]
[Result "0-1"]
[EventDate "1974.10.05"]
[PlyCount "34"]

1. e4 g6 2. Nc3 Bg7 3. f4 c5 4. Nf3 Nc6 5. Bc4 e6 6. f5 Nge7 7. fxe6 fxe6 8. d3 d5 9. Bb3 b5 10. a4 b4 11. Ne2 Na5 12. c3 Qb6 13. Rb1 c4 14. Bg5 Nxb3 15. Bxe7 Kxe7 16. exd5 exd5 17. d4 Bf5 0-1

[Event "10th Mikhail Chigorin Memorial"]
[Site "Sochi URS"]
[Date "1974.??.??"]
[Round "7"]
[White "Suetin, Alexei"]
[Black "Polugaevsky, Lev"]
[WhiteElo "2505"]
[BlackElo "2630"]
[Result "1/2-1/2"]
[EventDate "1974.10.05"]
[PlyCount "29"]

1. e4 c5 2. Nc3 d6 3. Nge2 g6 4. d4 Nd7 5. Be3 Bg7 6. Qd2 Ngf6 7. f3 Qa5 8. dxc5 Nxc5 9. Nd4 Bd7 10. Be2 Rc8 11. O-O a6 12. Rfd1 Qc7 13. Nd5 Nxd5 14. exd5 b5 15. c3 1/2-1/2

[Event "10th Mikhail Chigorin Memorial"]
[Site "Sochi URS"]
[Date "1974.??.??"]
[Round "8"]
[White "Smyslov, Vassily"]
[Black "Espig, Lutz"]
[WhiteElo "2600"]
[BlackElo "2490"]
[Result "1/2-1/2"]
[EventDate "1974.10.05"]
[PlyCount "73"]

1. c4 e6 2. Nf3 d5 3. d4 c5 4. cxd5 exd5 5. g3 Nc6 6. Bg2 Nf6 7. O-O Be7 8. Nc3 O-O 9. dxc5 Bxc5 10. Bg5 d4 11. Na4 Be7 12. Rc1 h6 13. Bxf6 Bxf6 14. Ne1 Re8 15. Nd3 Qe7 16. Re1 Bg5 17. f4 Bf6 18. Nac5 Qe3+ 19. Nf2 Rb8 20. Nce4 Be7 21. a3 Bf5 22. Nd2 Rbd8 23. Nf1 Qe6 24. Qa4 Bf6 25. Qb5 Qc8 26. Nd3 Re7 27. Nb4 Bd7 28. Nd5 Re6 29. Nd2 Rde8 30. Nxf6+ Rxf6 31. Ne4 Rfe6 32. Nc5 a6 33. Qc4 Re3 34. Rcd1 Bh3 35. Bd5 Qg4 36. Bf3 Qc8 37. Rd3 1/2-1/2

[Event "10th Mikhail Chigorin Memorial"]
[Site "Sochi URS"]
[Date "1974.??.??"]
[Round "8"]
[White "Sznapik, Aleksander"]
[Black "Rashkovsky, Nukhim"]
[WhiteElo "2325"]
[BlackElo "2510"]
[Result "1/2-1/2"]
[EventDate "1974.10.05"]
[PlyCount "46"]

1. c4 Nf6 2. Nc3 c5 3. Nf3 b6 4. g3 Bb7 5. Bg2 e6 6. O-O Be7 7. d4 cxd4 8. Qxd4 Nc6 9. Qf4 O-O 10. Rd1 Qb8 11. e4 d6 12. b3 Ne5 13. Bb2 Nxf3+ 14. Qxf3 a6 15. Qe2 Nd7 16. Rd2 Re8 17. Rad1 Bc6 18. e5 Bxg2 19. exd6 Qb7 20. dxe7 Nf6 21. Nd5 exd5 22. Kxg2 dxc4+ 23. Kg1 Qxe7 1/2-1/2

[Event "10th Mikhail Chigorin Memorial"]
[Site "Sochi URS"]
[Date "1974.??.??"]
[Round "9"]
[White "Jansa, Vlastimil"]
[Black "Smyslov, Vassily"]
[WhiteElo "2535"]
[BlackElo "2600"]
[Result "0-1"]
[EventDate "1974.10.05"]
[PlyCount "78"]

1. e4 e5 2. Nf3 Nc6 3. Bb5 a6 4. Ba4 Nf6 5. O-O Be7 6. Re1 b5 7. Bb3 O-O 8. c3 d6 9. h3 Qd7 10. d4 Re8 11. Nbd2 Bf8 12. a3 g6 13. Bc2 Bg7 14. b4 Nh5 15. Nb3 Nd8 16. a4 Ne6 17. axb5 Nef4 18. Nh2 Qxb5 19. d5 Rf8 20. Na5 Qe8 21. h4 f5 22. exf5 Bxf5 23. Bxf5 gxf5 24. g3 Qg6 25. Kf1 Nh3 26. Kg2 Nxf2 27. Qf3 Ng4 28. Nxg4 fxg4 29. Qe4 Qf7 30. Be3 Nf6 31. Qf5 Qxd5+ 32. Kh2 Qf3 33. Qxf3 gxf3 34. Kh3 h5 35. Nc6 Ng4 36. Ba7 f2 37. Rf1 Rxa7 38. Nxa7 Ne3 39. Nc6 e4 0-1

[Event "10th Mikhail Chigorin Memorial"]
[Site "Sochi URS"]
[Date "1974.??.??"]
[Round "10"]
[White "Smyslov, Vassily"]
[Black "Suetin, Alexei"]
[WhiteElo "2600"]
[BlackElo "2505"]
[Result "1-0"]
[EventDate "1974.10.05"]
[PlyCount "91"]

1. Nf3 Nf6 2. c4 g6 3. Nc3 Bg7 4. d4 d6 5. e4 O-O 6. Be2 e5 7. d5 Nbd7 8. O-O Nc5 9. Qc2 a5 10. Bg5 h6 11. Be3 b6 12. Nd2 Ng4 13. Bxg4 Bxg4 14. a3 Na6 15. Rab1 Bd7 16. b4 f5 17. exf5 gxf5 18. f4 e4 19. Ne2 Qe8 20. Bd4 Qg6 21. Bxg7 Qxg7 22. Rfe1 Nb8 23. Nf1 axb4 24. axb4 Ra3 25. Rb3 Ba4 26. Rxa3 Bxc2 27. Rg3 Qxg3 28. Nexg3 Na6 29. b5 Nb4 30. Ne3 Ba4 31. Ngxf5 Kh7 32. Ra1 Kg6 33. g4 Ra8 34. Nd4 Nd3 35. f5+ Kf6 36. h4 Ne5 37. Kf2 Ra5 38. Kg3 Nd3 39. g5+ hxg5 40. Ng4+ Kg7 41. hxg5 Ne5 42. Nxe5 dxe5 43. Nc6 Ra8 44. Nxe5 e3 45. f6+ Kg8 46. Nf3 1-0

[Event "10th Mikhail Chigorin Memorial"]
[Site "Sochi URS"]
[Date "1974.??.??"]
[Round "11"]
[White "Rashkovsky, Nukhim"]
[Black "Forintos, Gyozo"]
[WhiteElo "2510"]
[BlackElo "2490"]
[Result "1/2-1/2"]
[EventDate "1974.10.05"]
[PlyCount "53"]

1. d4 Nf6 2. c4 c5 3. Nf3 cxd4 4. Nxd4 a6 5. Nc3 d5 6. cxd5 Nxd5 7. Ndb5 Nb4 8. Qxd8+ Kxd8 9. Na3 e5 10. g3 Be6 11. Bg2 N8c6 12. O-O f6 13. Be3 Kc7 14. Rfc1 Rc8 15. Nc2 Kb8 16. Nxb4 Bxb4 17. Nd5 Bxd5 18. Bxd5 Nd4 19. Bxd4 exd4 20. Be4 g6 21. Kg2 f5 22. Bd3 Rhd8 23. h3 Be7 24. g4 fxg4 25. hxg4 Bg5 26. Rxc8+ Rxc8 27. Rh1 1/2-1/2

[Event "10th Mikhail Chigorin Memorial"]
[Site "Sochi URS"]
[Date "1974.??.??"]
[Round "11"]
[White "Suetin, Alexei"]
[Black "Sznapik, Aleksander"]
[WhiteElo "2505"]
[BlackElo "2325"]
[Result "1/2-1/2"]
[EventDate "1974.10.05"]
[PlyCount "58"]

1. e4 g6 2. d4 Bg7 3. Nc3 d6 4. f4 a6 5. Nf3 b5 6. Bd3 Bb7 7. Qe2 Nd7 8. e5 c5 9. Be3 Nh6 10. dxc5 O-O 11. O-O Qc7 12. cxd6 exd6 13. exd6 Qxd6 14. Rad1 Qc7 15. h3 Nc5 16. Qf2 Nxd3 17. Rxd3 Nf5 18. a3 Nxe3 19. Qxe3 Rfe8 20. Qd2 Rad8 21. Re1 Rxe1+ 22. Nxe1 Re8 23. Nf3 a5 24. Kh1 Qc4 25. Rd8 Rxd8 26. Qxd8+ Bf8 27. Qd4 Qf1+ 28. Qg1 Qc4 29. Qd4 Qf1+ 1/2-1/2

[Event "10th Mikhail Chigorin Memorial"]
[Site "Sochi URS"]
[Date "1974.??.??"]
[Round "14"]
[White "Sveshnikov, Evgeny"]
[Black "Espig, Lutz"]
[WhiteElo "2480"]
[BlackElo "2490"]
[Result "1/2-1/2"]
[EventDate "1974.10.05"]
[PlyCount "22"]

1. e4 e6 2. d4 d5 3. exd5 exd5 4. Nf3 Bd6 5. Bd3 Ne7 6. O-O Bg4 7. Re1 Nbc6 8. c3 Qd7 9. Bg5 f6 10. Bh4 O-O-O 11. Nbd2 Bf5 1/2-1/2